L'empire du Levant : histoire de la question d'Orient /

محفوظ في:

المؤلف الرئيسي: Grousset, René, 1885-1952 (مؤلف)

التنسيق: كتاب

اللغة: French

منشور في: Paris : Payot, 1949, ©1946.

الطبعة: Nouv. éd. rev.

سلاسل: Bibliothèque historique.

الموضوعات:

الوسوم: إضافة وسم

لا توجد وسوم, كن أول من يضع وسما على هذه التسجيلة!

رقم الطلب: DS62 .G75 1949

LEADER 00762namaa2200253 4500
001 20812
003 OSt
005 20260126081548.0
008 130303t19491946fr ab b 000 0 fre d
040 |c ARCE Library 
043 |a aw----- 
050 4 |a DS62 .G75 1949 
100 1 |a Grousset, René,  |d 1885-1952,  |e author  |9 31157 
245 1 2 |a L'empire du Levant :   |b histoire de la question d'Orient /   |c René Grousset. 
250 |a Nouv. éd. rev. 
264 1 |a Paris :  |b Payot,  |c 1949, ©1946. 
300 |a 648 pages :  |b illustrations, maps ;  |c 22 cm. 
490 0 |a Bibliothèque historique. 
504 |a Includes bibliographical references. 
650 0 |a Eastern question.  
651 0 |a Middle East  |x History. 
901 |a reviewed 
942 |c BK  |2 lcc 
999 |c 17248  |d 17248